Ирина Грецкая. Юрий Грецкий (Запись № 11512354)

Подробности
000 -МАРКЕР
контрольное поле 02847nam0a2200481 4500
001 - ИДЕНТИФИКАТОР ЗАПИСИ
контрольное поле RU\NLR\BIBL_A\012339228
005 - ИДЕНТИФИКАТОР ВЕРСИИ
контрольное поле 20260406160827.0
010 ## - МЕЖДУНАРОДНЫЙ СТАНДАРТНЫЙ НОМЕР КНИГИ (ISBN)
Номер (ISBN) 978-5-4386-1857-7
Тираж 300
021 ## - НОМЕР ГОСУДАРСТВЕННОЙ РЕГИСТРАЦИИ
Код страны российская федерация
Номер 2020-664и
Номер Листа государственной регистраци АЛ-П-125
035 ## - ДРУГИЕ СИСТЕМНЫЕ НОМЕРА
Идентификатор записи (NLR Aleph) 012339228
100 ## - ДАННЫЕ ОБЩЕЙ ОБРАБОТКИ
Данные общей обработки 20200917d2019 k y0rusy50 ca
101 0# - ЯЗЫК РЕСУРСА
Язык текста, звукозаписи и т.д. русский
-- английский
102 ## - СТРАНА ПУБЛИКАЦИИ ИЛИ ПРОИЗВОДСТВА
Страна публикации российская федерация
105 ## - ПОЛЕ КОДИРОВАННЫХ ДАННЫХ: ТЕКСТОВЫЕ МАТЕРИАЛЫ, МОНОГРАФИЧЕСКИЕ
Кодированные данные о монографическом текстовом документе ac z 000zy
181 #0 - ПОЛЕ КОДИРОВАННЫХ ДАННЫХ: ВИД СОДЕРЖАНИЯ
Код вида содержания (ISBD) i
Код характеристики содержания (ISBD) axxe
182 #0 - ПОЛЕ КОДИРОВАННЫХ ДАННЫХ: ТИП СРЕДСТВА
Код типа средства (ISBD) n - непосредственное
200 1# - ЗАГЛАВИЕ И СВЕДЕНИЯ ОБ ОТВЕТСТВЕННОСТИ
Основное заглавие Ирина Грецкая. Юрий Грецкий
Параллельное заглавие Irina Gretskaya. Yury Gretsky
Сведения, относящиеся к заглавию Заслуженные художники России
Параллельное заглавие живопись, графика, объект
Сведения, относящиеся к заглавию [монография]
Первые сведения об ответственности Абрам Раскин, Людмила Митрохина
Последующие сведения об ответственности Санкт-Петербургский Союх художников России, Ассоциация искусствоведов (АИС), Общероссийская общественная организация историков искусства и художественных критиков
Язык параллельного заглавия английский
203 ## - ВИД СОДЕРЖАНИЯ И ТИП СРЕДСТВА
Вид содержания Текст
Дополнительные сведения об издании визуальный
Тип средства непосредственный
210 ## - ПУБЛИКАЦИЯ, РАСПРОСТРАНЕНИЕ И ДР.
Место издания, распространения и т.д. Санкт-Петербург
Имя издателя, распространителя и т. д. Свое изд-во
Дата издания, распространения и т.д. 2019
215 ## - ФИЗИЧЕСКАЯ ХАРАКТЕРИСТИКА
Специфическое обозначение материала и объем 327 с.
Другие сведения о физической характеристике ил., цв. ил., портр.
Размеры 28
300 ## - ОБЩИЕ ПРИМЕЧАНИЯ
Текст примечания На обороте тит. л. в макете загл.: Ирина и Юрий Грецкие
300 ## - ОБЩИЕ ПРИМЕЧАНИЯ
Текст примечания Авт. также на англ. яз.: Abram Raskin, Ludmila Mitrokhina
300 ## - ОБЩИЕ ПРИМЕЧАНИЯ
Текст примечания На 6-й с. 1-й авт.: Раскин А. Г., Заслуж. деят. искусств Рос. Федерации
300 ## - ОБЩИЕ ПРИМЕЧАНИЯ
Текст примечания Часть текста парал. рус., англ.
510 1# - ПАРАЛЛЕЛЬНОЕ ЗАГЛАВИЕ
Связь между полями z20790
Параллельное заглавие Irina Gretskaya. Yury Gretsky
Язык заглавия английский
517 1# - ДРУГИЕ ВАРИАНТЫ ЗАГЛАВИЯ
Вариант заглавия Ирина и Юрий Грецкие
600 #1 - ИМЯ ЛИЦА КАК ПРЕДМЕТ
Начальный элемент ввода Грецкая
Часть имени, кроме начального элемента ввода И. Л.
Даты 1941
Расширение инициалов личного имени Ирина Львовна
Системный номер авторитетной/нормативной записи 2502762
Идентификатор авторитетной/нормативной записи RU\NLR\AUTH\661484255
600 #1 - ИМЯ ЛИЦА КАК ПРЕДМЕТ
Начальный элемент ввода Грецкий
Часть имени, кроме начального элемента ввода Ю. С.
Даты 1944
Расширение инициалов личного имени Юрий Семенович
Системный номер авторитетной/нормативной записи 2502761
Идентификатор авторитетной/нормативной записи RU\NLR\AUTH\661484254
686 1# - ИНДЕКСЫ ДРУГИХ КЛАССИФИКАЦИЙ
Индекс Щ143(2Р=Рус)7-8Грецкая
686 1# - ИНДЕКСЫ ДРУГИХ КЛАССИФИКАЦИЙ
Индекс Щ143(2Р=Рус)7-8Грецкий
700 #1 - ИМЯ ЛИЦА - ПЕРВИЧНАЯ ОТВЕТСТВЕННОСТЬ
Графика поля Кириллица
Материалы, к которым относится поле rus
Начальный элемент ввода Раскин
Часть имени, кроме начального элемента ввода А. Г.
Даты 1924-2023
Расширение инициалов личного имени Абрам Григорьевич
Идентификатор авторитетной/нормативной записи RU\NLR\AUTH\778448
Системный номер авторитетной/нормативной записи 118354
701 #1 - ИМЯ ЛИЦА - АЛЬТЕРНАТИВНАЯ ОТВЕТСТВЕННОСТЬ
Графика поля Кириллица
Материалы, к которым относится поле rus
Начальный элемент ввода Митрохина
Часть имени, кроме начального элемента ввода Л. Н.
Даты 1945-
Расширение инициалов личного имени Людмила Николаевна
Системный номер авторитетной/нормативной записи 192704
Идентификатор авторитетной/нормативной записи RU\NLR\AUTH\770192755
702 #1 - ИМЯ ЛИЦА - ВТОРИЧНАЯ ОТВЕТСТВЕННОСТЬ
Начальный элемент ввода Грецкая
Часть имени, кроме начального элемента ввода И. Л.
Даты 1941-
Расширение инициалов личного имени Ирина Львовна
Код отношения Объект посвящения
702 #1 - ИМЯ ЛИЦА - ВТОРИЧНАЯ ОТВЕТСТВЕННОСТЬ
Начальный элемент ввода Грецкий
Часть имени, кроме начального элемента ввода Ю. С.
Даты 1944-
Расширение инициалов личного имени Юрий Семенович
Код отношения Объект посвящения
790 #1 - ИМЯ ЛИЦА - АЛЬТЕРНАТИВНАЯ ФОРМА
Графика поля Латинская
Материалы, к которым относится поле rus
Начальный элемент ввода Raskin
Часть имени, кроме начального элемента ввода A. G.
Даты 1924-2023
Расширение инициалов личного имени Abram Grigor'evič
Идентификатор авторитетной/нормативной записи RU\NLR\AUTH\7745277
Системный номер авторитетной/нормативной записи 28215
790 #1 - ИМЯ ЛИЦА - АЛЬТЕРНАТИВНАЯ ФОРМА
Графика поля Латинская
Материалы, к которым относится поле rus
Начальный элемент ввода Mitrochina
Часть имени, кроме начального элемента ввода L. N.
Даты 1945-
Расширение инициалов личного имени Ljudmila Nikolaevna
Системный номер авторитетной/нормативной записи 221089
Идентификатор авторитетной/нормативной записи RU\NLR\AUTH\770221145
942 ## - ДОПОЛНИТЕЛЬНЫЕ ЭЛЕМЕНТЫ ЗАПИСИ (АБИС)
Тип экземпляра АБИС Книга
980 ## - КОЛЛЕКЦИЯ
Название коллекции НБР
980 ## - КОЛЛЕКЦИЯ
Название коллекции Национальная библиография

Нет доступных экземпляров.